| 000 | 00941cam a2200241 4500 | ||
|---|---|---|---|
| 001 | X119157 | ||
| 008 | 020801n2002 000 0 eng u | ||
| 035 | _a(Sirsi) u119157 | ||
| 100 | _aBarrett, C. | ||
| 245 | _aMobile home | ||
| 260 | _c2002 | ||
| 490 |
_aProperty Week _v67(28) 19 July 2002, 31-32(2) |
||
| 520 | _aMobile workers are poorly served in respect of instant office accommodation. Describes the concept of touchdown centres or docking stations which will fill a niche in the serviced office market. With a financial model based on the health club rather than the business centre it is hoped to open 30 docking stations in Europe within three years. | ||
| 590 | _aABS | ||
| 650 | _aMOBILE OFFICES | ||
| 650 |
_aFACILITIES MANAGEMENT _96240 |
||
| 650 | _aMOBILE WORKING | ||
| 650 | _aSERVICED OFFICES | ||
| 650 | _aTOUCHDOWN CENTRES | ||
| 650 | _aWORKSPACE | ||
| 690 | _aPROPERTY-COMMERCIAL PROPERTY | ||
| 942 | _n0 | ||
| 999 |
_c70881 _d70881 |
||